Normal view
MARC view
Entry Personal Name
001 - CONTROL NUMBER
- control field: 20891
003 - CONTROL NUMBER IDENTIFIER
- control field: ARRUPE
005 - DATE AND TIME OF LATEST TRANSACTION
- control field: 20151104095727.0
008 - FIXED-LENGTH DATA ELEMENTS
- fixed length control field: 151104|| aca||aabn | a|a d
040 ## - CATALOGING SOURCE
- Original cataloging agency: ARRUPE
- Transcribing agency: ARRUPE
100 ## - HEADING--PERSONAL NAME
- Personal name: Kallistos,
- Titles and other words associated with a name: Bishop of Diokleia,
- Dates associated with a name: 1934-
- Title of a work: Power of the name.
670 ## - SOURCE DATA FOUND
- Source citation: Work cat.: (ARRUPE)0: Behr-Sigel, Elisabeth. 20887, The place of the heart :, 1992.